=LDR 00000nam 2200000 4500 =001 INLIS00000000000083 =005 20260702043538 =020 ##$$a 978-623-98472-5-8 =082 ##$$a 636.597 =100 1#$$a Aldo Ardian, S.Pt.A =245 1 $$a Pustaka Desa : Berternak Bebek Petelur Dan Pedaging /$c Aldo Ardian, S.Pt.A =300 ##$$a 72 ; 14X21 cm